| 000 | 00792cam a2200253 a 4500 | ||
|---|---|---|---|
| 001 | 45684 | ||
| 003 | BD-RjUL | ||
| 005 | 20211209054043.0 | ||
| 008 | 160727s1962 miu b 000 0 eng | ||
| 035 | _a(OCoLC)ocm00710828 | ||
| 035 | _a(BD-RjUL)45802 | ||
| 035 | _a(NNC)2716792 | ||
| 040 |
_aDLC _cDLC _dZCU _dBD-RjUL _beng |
||
| 041 | _aeng | ||
| 082 |
_a320.973 _223 _bSTR 1962 |
||
| 100 | 1 |
_aStern, Clarence A. _q(Clarence Ames) _9139803 |
|
| 245 | 1 | 0 |
_aRepublican heyday : _b Republicanism through the McKinley years / _cClarence A. Stern |
| 260 |
_aMichigan : _cc1962 _bEdward Brothers Inc, |
||
| 300 |
_a97 p. ; _c22 cm. |
||
| 610 | 2 | 0 |
_aRepublican Party (U.S. : 1854- ) _9139811 |
| 650 |
_aPolitics and government _zUnited States _9125393 |
||
| 942 |
_2ddc _cBK |
||
| 999 |
_c45684 _d45684 |
||